000 00929nam a2200289Ia 4500
003 OSt
005 20221007122218.0
006 a|||||r|||| 00| 0
007 ta
008 221006b |||||||| |||| 00| 0 eng d
020 _a8122405525 (pbk)
_cRs.102.00
024 _a79786
037 _b2194, 23/11/2007, Unilib Book Distributors
_cTextual
040 _aPAPL
_cPAPL
_beng
041 _2eng
_aeng
082 _aD65,8(B)91U, N3 Carpa
100 _aAzam Mohammed
_9406338
245 0 _aUnix in easy steps
260 _aNew
_bDelhi New Age International (P) Limited Publishers
_c1993
300 _a235p.
_ccm.
650 _a Computer programm languages
_9713704
650 _a Program languages
_9713705
650 _a Unix
_9713706
650 _aPhysics
942 _hD65,8(B)91U, N3 Carpa
_cTEXL
_2CC
999 _c1209938
_d1209938